QUIZ MÉTRO PARISIEN - Statistiques

Statistiques générales
  • Ce quiz a été pris 72 fois
  • Le résultat moyen est 10 sur 34
Statistiques - réponses
Hint Réponse % Correct
Quelle station est décorée comme un sous-marin steampunk (cuivre) sur la ligne 11 Arts et Métiers
82%
Quelle station est sur le viaduc de la ligne 6 juste avant la Tour Eiffel ? Bir-Hakeim
78%
Quelle est la station la plus profonde du métro parisien Abbesses
70%
Combien de lignes de métro composent le réseau parisien aujourd’hui ? 16
68%
Quel est le terminus est de la ligne 1 ? Château de Vincennes
62%
Quel est le terminus nord de la ligne 4 ? Porte de Clignancourt
55%
Quelle station accueille 5 lignes de métro ? République
55%
Quel est le terminus sud de la ligne 13 ? Châtillon – Montrouge
40%
Quelle station réunissait autrefois deux stations séparées ? Montparnasse – Bienvenüe
40%
Quelle station fantôme sert pour les tournages ? Porte des Lilas
40%
Combien de stations comporte la ligne 1 ? 25
37%
Dans quelle station voit-on une maquette du métro dans un couloir ? Châtelet–Les Halles
33%
Quelle station dessert un aéroport, un RER, une gare et une ligne automatique ? Châtelet–Les Halles
33%
Quelle station dessert les Catacombes ? Denfert-Rochereau
33%
Quelle station porte le nom d’un président français ? Charles de Gaulle – Étoile
32%
Quelle station apparaît toute en blanc dans Peur sur la Ville ? Concorde
32%
Quelle station signifie “porte où l’on payait la taxe” ? Porte de la Villette
28%
Quelle station dessert le cimetière de Montparnasse ? Edgar Quinet
25%
Quelle station a eu une signalétique en argot un 1ᵉʳ avril ? Opéra
25%
Quelle station fut brièvement nommée “Pyrénées – Buttes Chaumont” ? Botzaris
23%
Quelle station dessert le parc de la Villette ? Porte de Pantin
23%
Quelle ligne est la plus longue du métro parisien ? Ligne 8
22%
Quelle station de la ligne 7 bis est réputée pour sa longueur très courte et son faible trafic ? Pré-Saint-Gervais
20%
Dans quelle station trouve-t-on un quai entièrement recouvert de miroirs ? Cluny – La Sorbonne
17%
Quelle station possède une peinture murale représentant un musée égyptien sur ses quais ? Pyramides
15%
Quelle station a accueilli un “musée RATP” temporaire en 2019 ? Saint-Michel
13%
Quelle station possède une verrière Art nouveau restaurée en 2019 ? Porte Dauphine
8%
Quelle station fut la première inaugurée en 1900 ? Porte Maillot
8%
Combien de stations de correspondance le réseau parisien possède-t-il environ ? 64
3%
Quelle station possède 4 quais pour une seule ligne ? Porte d’Orléans
3%
Quelle station est célèbre pour son escalier monumental en colimaçon ? Rue du Bac
2%
Quelle est la station la plus courte en longueur de quai du réseau ? Hoche
0%
Quelle station a le plus long couloir du réseau (400 m) ? La Motte-Picquet – Grenelle
0%
Quelle station a un couloir décoré de citations ? Liège
0%
Aucun quiz correspondant
Distribution des résultats
% des personnes avec chaque résultat
Percentile par nombre de réponses
Votre historique - résultats
Vous n’avez pas pris ce quiz